=LDR 00000nam 2200000 4500 =001 INLIS000000000035616 =005 20130612141447 =008 ***********************************ind** =035 ##$$0010-061300000035616 =041 ##$$a ind =082 ##$$a 336.013.095.98 =090 ##$$a 336.013.095.98, Haz k2 =100 ##$$a Haz Hamzah =245 ##$$a Kebijaksanaan fiskal dan moneter , Hamzah Haz =260 ##$$a 1993 $b Jakarta =300 ##$$a xxviii,274 hlm, 22 cm =650 ##$$a kebijaksanaan fiskal dan moneter =850 ##$$a NBPNMAT